| 000 | 00000nam##2200000za#4500 |
| 001 | 9.686221 |
| 003 | CaOODSP |
| 005 | 20210924140252 |
| 007 | cr ||||||||||| |
| 008 | 150407|2001||||xxc|||||o f|0| 0 eng|d |
| 020 | |a0-662-30833-6 |
| 040 | |aCaOODSP|beng |
| 043 | |an-cn--- |
| 086 | 1 |aC2-566/2001E-PDF |
| 110 | 1 |aCanada. |bCompetition Bureau. |
| 245 | 10|aEnforcement guidelines on the abuse of dominance provisions (sections 78 and 79 of the Competition Act) |h[electronic resource] |
| 260 | |aOttawa - Ontario : |bIndustry Canada. |cJuly 2001. |
| 300 | |a46p.|breferences |
| 500 | |aThe catalogue number (C2-566/2001) and ISBN (0-662-65747-0) for the bilingual print edition have been incorrectly copied in this electronic publication. |
| 590 | |a11-28-Supp|b2011-11-17 |
| 690 | 07|aCompetition|2gcpds |
| 690 | 07|aLegislation|2gcpds |
| 775 | 08|tLignes directrices pour l'application des dispositions sur l'abus de position dominante (articles 78 et 79 de la Loi sur la concurrence) |w(CaOODSP)9.630722 |
| 776 | 0#|tEnforcement guidelines on the abuse of dominance provisions (sections 78 and 79 of the Competition Act) |w(CaOODSP)9.662799 |
| 776 | 0#|tLignes directrices pour l'application des dispositions sur l'abus deposition dominante (articles 78 et 79 de la Loi sur la concurrence) |w(CaOODSP)9.662800 |
| 856 | 40|ahttp://publications.gc.ca|qPDF|s574 KB|uhttps://publications.gc.ca/collections/Collection/C2-566-2001E.pdf |
| 986 | |a53377B |